New edge detectors for coded mark inversion transmission with enhanced performance /
Saved in:
| 主要作者: | |
|---|---|
| 格式: | Thesis 圖書 |
| 語言: | English |
| 出版: |
1990.
|
| 主題: | |
| 標簽: |
添加標簽
沒有標簽, 成為第一個標記此記錄!
|
| LEADER | 00766cam a2200229 a 4500 | ||
|---|---|---|---|
| 001 | u247309 | ||
| 003 | SIRSI | ||
| 008 | 920827s1990 si 00 1 eng | ||
| 035 | |a ABD-4411 | ||
| 040 | |a UMM | ||
| 090 | |a TK5105.5 |b Che | ||
| 100 | 1 | 0 | |a Chew, Yong Huat. |
| 245 | 1 | 0 | |a New edge detectors for coded mark inversion transmission with enhanced performance / |c by Chew Yong Huat. |
| 260 | |c 1990. | ||
| 300 | |a viii, 92 leaves : |b ill. ; |c 30 cm. | ||
| 502 | |a Dissertation (M.Sc.) -- National University of Singapore, 1990. | ||
| 504 | |a Bibliography: leave 74-75. | ||
| 650 | 0 | |a Data transmission systems. | |
| 650 | 0 | |a Computer networks. | |
| 948 | |a 27/08/1992 |b 26/02/1999 | ||
| 596 | |a 1 | ||
| 999 | |a TK5105.5 CHE |w LC |c 1 |i A011065822 |l STACKS |m P01UTAMA |r Y |s Y |t TESIS |u 29/8/1992 | ||
